000 00793cam a22002772 4500
001 4926
003 BD-RjUL
005 20211208233958.0
008 131223r1969 enk 001 0 eng b
020 _a571081525
035 _a(BD-RjUL)4961
_aOCLC ocm00418163 from D971027M
040 _aDLC
_cTOL
_dOCL
_dUKM
_dBD-RjUL
_beng
041 _aeng
060 _aWX 150 S745m 1967
082 _a658.9136211
_bSPM 1969
100 1 _aSpencer, J. A.
_915531
245 1 0 _aManagement in hospitals /
_cJ. A. Spencer.
260 _aLondon :
_bFaber,
_cc1967 [reprinted 1969].
300 _a186 p. ;
_c22 cm.
504 _aIncludes Index.
650 0 _aHospitals
_xAdministration.
_915481
650 2 _aHospital Administration.
_914931
942 _2ddc
_cBK
999 _c4926
_d4926